| 000 | 00887cam a22002897a 4500 | ||
|---|---|---|---|
| 003 | CHAP | ||
| 005 | 20220329141811.0 | ||
| 008 | 971013s r 00010 d | ||
| 010 | _a74053 | ||
| 011 | _a75025 | ||
| 035 | _a84585 | ||
| 040 | _cCHAP | ||
| 090 | _aFolleto 4508 | ||
| 100 | 0 | 0 |
_aBarrios Alvarez, Alberto. _910515 |
| 245 | 0 | _aChinche salivosa (Aeneolamia sp.) | |
| 260 |
_aGuatemala : _bDirección de Investigación Agrícola, _c(s.a.) |
||
| 300 |
_a11 p. _b: ilus. |
||
| 590 |
_aBATCH-UPD _b10 _c20130110 _lUCH01 _h0045 |
||
| 590 |
_aBATCH-UPD _b10 _c20130110 _lUCH01 _h2123 |
||
| 590 |
_aCONVERSION _b10 _c20130109 _lUCH01 _h1340 |
||
| 650 | 1 | 4 |
_aMosca pinta. _978992 |
| 650 | 1 | 4 |
_aPastos _xPlagas. _986069 |
| 901 | _aBK | ||
| 942 | _cFOLL | ||
| 949 |
_aFolleto 4508 _bBC _cFOLL _d-39989 _eTS1 _i84585 _mD _si |
||
| 949 |
_aFolleto 4508 _bBC _cFOLL _d-39990 _eTS2 _fc.2 _i84585 _mD _si |
||
| 999 |
_c74053 _d74053 |
||